00367nam a22001217a 450000500170000000800410001704000070005804100080006508200220007310000230009524500860011826000410020420240309121432.0240309b ||||| |||| 00| 0 eng d cAL aeng 223a658.152bWORK aGautam Arun Banker aWorking Capital Management with Special Rference to Vishal Timber Private Limited aMangalorebSt Aloysius Collegec1995